U.S. States With Highest % of Centenarians - Statistics

General Stats
  • This quiz has been taken 45 times
  • The average score is 10 of 13
Answer Stats
% # State % Correct
0.0218 4.090 Florida
93%
0.0224 298 Maine
88%
0.0238 4,605 New York
86%
0.0225 306 Hawaii
84%
0.0278 846 Iowa
84%
0.0329 221 North Dakota
81%
0.0260 930 Connecticut
79%
0.0295 240 South Dakota
79%
0.0228 1,211 Minnesota
77%
0.0219 626 Kansas
72%
0.0232 1,520 Massachusetts
72%
0.0274 501 Nebraska
70%
0.0235 247 Rhode Island
63%
No matching quizzes found
Score Distribution
Percent of People with Each Score
Percentile by Number Answered
Your Score History
You have not taken this quiz